¿QUÉ ALCANCES Y LIMITACIONES ENCUENTRA LA JUVENTUD PARA MANIFESTARSE COMO ACTOR SOCIAL EN EL MARCO DE DEMOCRATIZACIÓ, A PARTIR DE LA FIRMA DE LOS ACUERDOS DE PAZ?/ (Registro nro. 2734)

Detalles MARC
000 -LEADER
campo de control de longitud fija 03186nam a22003257a 4500
001 - NÚMERO DE CONTROL
campo de control TTS 0008
003 - IDENTIFICADOR DE NÚMERO DE CONTROL
campo de control gtcocun
005 - FECHA Y HORA DE LA ÚLTIMA TRANSACCIÓN
campo de control 20260323171249.0
006 - CÓDIGOS DE INFORMACIÓN DE LONGITUD FIJA--CARACTERÍSTICAS DEL MATERIAL ADICIONAL
campo de control de longitud fija a||||gr|||| 00| 0
007 - CAMPO FIJO DE DESCRIPCIÓN FÍSICA--INFORMACIÓN GENERAL
campo de control de longitud fija ta
008 - DATOS DE LONGITUD FIJA--INFORMACIÓN GENERAL
campo de control de longitud fija 260323b2025 gt ||||| m||| 00| 0 eng d
040 ## - FUENTE DE CATALOGACIÓN
Centro catalogador/agencia de origen gtcocun
Lengua de catalogación SPA
Centro/agencia transcriptor gtcocun
Normas de descripción RDA
041 ## - CÓDIGO DE IDIOMA
Código de lengua del texto/banda sonora o título independiente SPA TTS 0008
084 ## - OTRO NÚMERO DE CLASIFICACIÓN
Número de control del registro de autoridad o número normalizado TTS 0008
100 ## - ENTRADA PRINCIPAL--NOMBRE DE PERSONA
Nombre de persona Aguilar Balsells, Lesvia Edit
Término indicativo de función/relación Autor
245 ## - MENCIÓN DEL TÍTULO
Título ¿QUÉ ALCANCES Y LIMITACIONES ENCUENTRA LA JUVENTUD PARA MANIFESTARSE COMO ACTOR SOCIAL EN EL MARCO DE DEMOCRATIZACIÓ, A PARTIR DE LA FIRMA DE LOS ACUERDOS DE PAZ?/
Mención de responsabilidad, etc. Lesvia Edit Aguilar Balsells.
Medio Impreso
264 ## - PRODUCCIÓN, PUBLICACIÓN, DISTRIBUCIÓN, FABRICACIÓN Y COPYRIGHT
Producción, publicación, distribución, fabricación y copyright Cobán, Alta Verapaz:
Nombre del de productor, editor, distribuidor, fabricante Universidad de San Carlos de Guatemala, Centro Universitario del Norte, Carrera de Trabajo Social
Fecha de producción, publicación, distribución, fabricación o copyright 2005
300 ## - DESCRIPCIÓN FÍSICA
Extensión 113 p.:
Otras características físicas Ilustraciones, gráficas.
Dimensiones 28 cm;
300 ## - DESCRIPCIÓN FÍSICA
Dimensiones PDF
336 ## - TIPO DE CONTENIDO
Fuente rdacontenido
Término de tipo de contenido Texto
Código de tipo de contenido txt
337 ## - TIPO DE MEDIO
Fuente rdamedio
Nombre/término del tipo de medio Computadora
Código del tipo de medio n
338 ## - TIPO DE SOPORTE
Fuente rdasoporte
Nombre/término del tipo de soporte Código en línea
Código del tipo de soporte cr
502 ## - NOTA DE TESIS
Nota de tesis Tesis de grado
Tipo de título Carrera de Trabajo Social,
Nombre de la institución que otorga el título Universidad de San Carlos de Guatemala, Centro Universitario del Norte, Carrera de Trabajo Social
Año de obtención del título 2005
Identificador de la tesis TTS 0008
identificador de la tesis TTS 0008
520 14 - RESUMEN, ETC.
Sumario, etc. La tesis para optar al grado académico de Licenciatura en Trabajo<br/>Social, se desarrollo de acuerdo a los requisitos académicos que solicita la<br/>Carrera de Trabajo Social, del Centro Universitario del Norte, realizada en el<br/>área marginal de la cabecera municipal de Cobán, Alta Verapaz, en las<br/>comunidades La Nueva Esperanza, Petet, Esfuerzo I y II, Chajxucub, San José<br/>la Colonia, Cantón las Casas y Yalguó, a 67 jóvenes, entre 15 y 25 años, y 23<br/>instituciones 3 de ellas gubernamentales y 20 no gubernamentales, resaltando<br/>en términos generales lo siguiente:<br/><br/>El estatus socioeconómico de las familias de los jóvenes entrevistados,<br/>define en sí, un nivel de pobreza particular aunado a la mala calidad educativa<br/>que define el Ministerio de Educación; la carga ideológica religiosa es<br/>extenuante con rumbo de valorización fundamentalista acotando lo individual y<br/>descartando un enfoque comunitario de los valores ecuménicos de los<br/>jóvenes; La renovación valorativa de los jóvenes dependerá de la<br/>organización proyectada de las “políticas públicas gubernamentales, 1 en<br/>benéfico de las nuevas generaciones.<br/><br/>Las personas entrevistadas vinculadas a las organizaciones no<br/>gubernamentales, tienen una idea confusa e inocua sobre los fenómenos<br/>sociales que afectan a los jóvenes hoy día; la ausencia de una política pública<br/>municipal por parte del gobierno local mantendrá una ignominia permanente<br/>sobre los jóvenes y una marcada anomia estatal que alejará la<br/>institucionalidad pública de las nuevas generaciones.
650 14 - PUNTO DE ACCESO ADICIONAL DE MATERIA--TÉRMINO DE MATERIA
Fuente del encabezamiento o término LEMB
Término de materia o nombre geográfico como elemento de entrada Cobán, Alta Verapaz
Subdivisión general Trabajo Social
-- Comunidades
-- Estatus socioeconómico
-- Carga ideológica
-- Enfoque comunitario
-- Anomia estatal
-- Institucionalidad
700 ## - ENTRADA AGREGADA--NOMBRE PERSONAL
Nombre de persona Lic. Carlos Enrique Arriola Avendaño
Término indicativo de función/relación Asesor
856 ## - LOCALIZACIÓN Y ACCESO ELECTRÓNICOS
Identificador Uniforme de Recurso <a href="https://drive.google.com/file/d/1XnPP-wD5FXc7FJpiG9UooXCS4YItNGU7/view">https://drive.google.com/file/d/1XnPP-wD5FXc7FJpiG9UooXCS4YItNGU7/view</a>
Texto de enlace PDF
Nota pública Un ejemplar en línea.
942 ## - ELEMENTOS DE ENTRADA SECUNDARIOS (KOHA)
Fuente de la clasificación o esquema de estantería Clasificación Decimal Dewey
Tipo de ítem Koha TESIS
Parte de la signatura que identifica el ejemplar (Parte del ítem) TTS 0008
Prefijo de la signatura Clasificación
Suprimir en OPAC No
-- TTS_0008_000000000000000
Existencias
Estatus retirado Estado de pérdida Fuente de la clasificación o esquema de estantería Estado de daño No para préstamo Colección Biblioteca de origen Biblioteca actual Ubicación en estantería Fecha de adquisición Número de inventario Total de préstamos Signatura topográfica completa Código de barras Visto por última vez Precio de reemplazo Tipo de ítem Koha
    Clasificación Decimal Dewey     tesis BIBLIOTECA- CUNOR -JOSÉ LUIS GONZALES ROSALES BIBLIOTECA- CUNOR -JOSÉ LUIS GONZALES ROSALES Colección tesis 23/03/2026 TTS 0008   TTS 0008 TTS 0008 23/03/2026 23/03/2026 TESIS